| 000 | 00729nam a2200205Ia 4500 | ||
|---|---|---|---|
| 003 | GCL | ||
| 008 | 140319s9999 xx 000 0 ara d | ||
| 040 |
_aGCL / _cGCL |
||
| 082 | 0 | 4 |
_a001.6425 _bا ك |
| 100 | 1 | _aفاروق محمد العامرى | |
| 245 | 1 | 0 |
_aالكمبيوتر فى شركات الطيران: حجز تذاكر واماكن ومواعيد سفر الركاب / _cفاروق محمد العامرى |
| 700 | 1 | _aادوار جورج حنا | |
| 260 |
_a[S.N] : _bدار الراتب الجامعية ، _c1987 |
||
| 300 | _a265 ص | ||
| 490 | _a | ||
| 650 | 0 | 4 | _aالحاسبات الالكترونية |
| 650 | 0 | 4 | _aالبرامج الالية |
| 650 | 0 | 4 | _aشركات الطيران |
| 942 |
_2ddc _cBK |
||
| 999 |
_c54506 _d54506 |
||